000 00662nam a22001817a 4500
005 20251108170927.0
008 250721s1989 xx 000 0 ara d
082 1 4 _a621.3813/صال
100 1 _aالأتروشي، صالح مصطفى
245 1 0 _aالمايكروويف و الحياة /
264 1 _aبغداد :
_bوزارة الثقافة و الإعلام - دائرة الإعلام الداخلي،
_c1989.
300 _a149ص
490 0 _aموسوعة علوم سلسلة كتاب الثقافة العلمية ؛ 21
650 1 7 _aالهندسة الإلكترونية
650 1 7 _aالميكروويف
942 _2ddc
_cBK
999 _c52294
_d52294